000 00846nam a22002415i 4500
001 176863
003 ES-MaACL
005 20250825062633.0
008 110215s1958 sp ab |||| | spa d
080 _a61(091)
080 _a087.5
100 1 _aCalder, Ritchie.
_933583
245 1 0 _a25000 años de medicina
_b: de la magia a la más moderna ciencia de curar /
_cRitchie Calder ; traducción del inglés por Ernesto Mascaró.
260 _aBarcelona :
_bDaimon,
_c1958.
300 _a69 p. :
_bil. col. ;
_c33 cm.
490 1 _aEnciclopedia juvenil del siglo XX ;
_v6
650 0 4 _aMedicina-
_vHistoria
_914907
655 7 _aLibros infantiles
_2tgfbne
_9226786
700 1 _aMascaró, Ernesto.
_978682
830 0 _aEnciclopedia juvenil del siglo XX ;
_v6
_9190275
852 _aES-MaACL
_jE-14315
_xOlim P-1064
999 _c176863
_d176863